[Event "HUN-chT2 Maroczy 1415"]
[Site "Hungary"]
[Date "2014.12.14"]
[Round "4"]
[White "Horvath, Julia"]
[Black "Abel, Lajos"]
[Result "0-1"]
[WhiteElo "2194"]
[BlackElo "2233"]
[PlyCount "125"]
[EventDate "2014.10.12"]
[EventType "team-tourn"]
[EventRounds "9"]
[EventCountry "HUN"]
[SourceTitle "EXT 2016"]
[Source "ChessBase"]
[SourceDate "2015.10.08"]
[SourceVersion "1"]
[SourceVersionDate "2015.10.08"]
[SourceQuality "1"]
[WhiteTeam "Vasas"]
[BlackTeam "TLSE"]
[WhiteTeamCountry "HUN"]
[BlackTeamCountry "HUN"]

1. d4 d5 2. c4 e6 3. Nf3 c6 4. e3 f5 5. b3 Nf6 6. g3 Bd6 7. Bg2 0-0 8. 0-0 Bd7 9. Ba3 Bxa3 10. Nxa3 Be8 11. Qc2 Qe7 12. Nb1 Ne4 13. Ne5 Nd7 14. Nxd7 Qxd7 15. f3 Nf6 16. Nc3 g5 17. Rad1 Bg6 18. Qd2 h6 19. Rf2 Rad8 20. Qe1 Qe7 21. e4 dxe4 22. fxe4 Ng4 23. Rfd2 f4 24. Bh3 Ne3 25. Rc1 e5 26. d5 g4 27. Bg2 Qg5 28. Ra1 fxg3 29. hxg3 Nxg2 30. Rxg2 Rf3 31. Nd1 Rdf8 32. Nf2 h5 33. Rd1 Rd8 34. Qd2 Qxd2 35. Rxd2 Re3 36. Kh2 Kg7 37. Rg1 Bxe4 38. Nxe4 Rxe4 39. Rgd1 cxd5 40. cxd5 Rd6 41. Kg2 Rb4 42. Rc1 Rb5 43. Rcd1 Kf6 44. Kf2 Ke7 45. Ke2 Rf6 46. Rh1 Rh6 47. Ke3 Rb4 48. Rd3 a5 49. a3 Rb5 50. Ke4 Kd6 51. Rf1 h4 52. gxh4 g3 53. Rxg3 Rxh4+ 54. Kf5 Rxd5 55. Rg6+ Kc7 56. Rc1+ Kb8 57. Rc3 e4+ 58. Ke6 Rhh5 59. Rgg3 Rb5 60. Kf6 Rb6+ 61. Kg7 Re5 62. Kf7 Rbe6 63. Rge3 0-1

[Event "HUN-chT2 Maroczy 1415"]
[Site "Hungary"]
[Date "2014.11.30"]
[Round "3"]
[White "Bartos, Tamas"]
[Black "Horvath, Julia"]
[Result "1-0"]
[WhiteElo "2187"]
[BlackElo "2194"]
[PlyCount "71"]
[EventDate "2014.10.12"]
[EventType "team-tourn"]
[EventRounds "9"]
[EventCountry "HUN"]
[SourceTitle "EXT 2016"]
[Source "ChessBase"]
[SourceDate "2015.10.08"]
[SourceVersion "1"]
[SourceVersionDate "2015.10.08"]
[SourceQuality "1"]
[WhiteTeam "Maroczy"]
[BlackTeam "Vasas"]
[WhiteTeamCountry "HUN"]
[BlackTeamCountry "HUN"]

1. d4 Nf6 2. c4 e6 3. Nf3 d5 4. g3 c6 5. Bg2 Be7 6. 0-0 0-0 7. b3 Ne4 8. Bb2 Nd7 9. Nfd2 f5 10. f3 Nxd2 11. Nxd2 Bg5 12. e4 Be3+ 13. Kh1 f4 14. Qe2 Qg5 15. Rfe1 e5 16. dxe5 d4 17. Nf1 fxg3 18. Nxe3 dxe3 19. Qxe3 Qh5 20. Kg1 Qxh2+ 21. Kf1 Qh4 22. Ke2 Qh2 23. Kf1 Qh5 24. e6 Nf6 25. e7 Re8 26. Qf4 Qg6 27. Rad1 Be6 28. Qd6 Kf7 29. f4 Rxe7 30. f5 Qg4 31. Bxf6 Kxf6 32. fxe6 Rxe6 33. Qd7 Qf4+ 34. Kg1 Qe5 35. Rf1+ Kg6 36. Rf5 1-0

[Event "HUN-chT2 Maroczy 1415"]
[Site "Hungary"]
[Date "2014.11.16"]
[Round "2"]
[White "Horvath, Julia"]
[Black "Markos, Adam"]
[Result "1/2-1/2"]
[WhiteElo "2194"]
[BlackElo "2139"]
[PlyCount "120"]
[EventDate "2014.10.12"]
[EventType "team-tourn"]
[EventRounds "9"]
[EventCountry "HUN"]
[SourceTitle "EXT 2016"]
[Source "ChessBase"]
[SourceDate "2015.10.08"]
[SourceVersion "1"]
[SourceVersionDate "2015.10.08"]
[SourceQuality "1"]
[WhiteTeam "Vasas"]
[BlackTeam "Dunaharaszti II"]
[WhiteTeamCountry "HUN"]
[BlackTeamCountry "HUN"]

1. d4 Nf6 2. c4 c5 3. d5 e6 4. Nc3 exd5 5. cxd5 d6 6. Nf3 g6 7. Nd2 Bg7 8. e4 0-0 9. Be2 a6 10. a4 Nbd7 11. 0-0 Qe7 12. Qc2 Ne8 13. Nc4 Rb8 14. a5 Nc7 15. Bf4 Ne5 16. Rad1 Bd7 17. Nxe5 Bxe5 18. Bxe5 Qxe5 19. f4 Qe7 20. e5 Ne8 21. Ne4 Bf5 22. g4 Bxe4 23. Qxe4 b6 24. b4 cxb4 25. Qxb4 Qa7 26. Qd4 Qc7 27. Rc1 Qd8 28. Rc6 bxa5 29. Rxa6 Rb4 30. Qd3 Qb8 31. Qe3 Rb3 32. Qd4 Rb4 33. Qc3 Rb3 34. Qd4 Rb4 35. Qa7 Qxa7+ 36. Rxa7 dxe5 37. fxe5 Re4 38. Bf3 Rxe5 39. Rxa5 Nf6 40. h3 Rd8 41. Rd1 Rd6 42. Rc5 Kf8 43. Rc7 Re7 44. Rc6 Red7 45. Rc8+ Rd8 46. Rc5 Nd7 47. Rb5 Rb6 48. Ra5 Ne5 49. Bg2 Nc4 50. Ra7 Rb2 51. Re1 Nd6 52. Ra6 Rb7 53. Re2 Re7 54. Kf2 Rxe2+ 55. Kxe2 Ke7 56. Kd3 Rd7 57. Kd4 Rb7 58. Kc5 Rc7+ 59. Rc6 Nb7+ 60. Kb6 Rd7 1/2-1/2